| 000 | 00914nam2a2200253 4500 | ||
|---|---|---|---|
| 001 | RU\NLR\bibl\1521623 | ||
| 005 | 20250616031005.0 | ||
| 010 |
_a978-5-91250-764-9 _95000 |
||
| 021 |
_aRU _b2010-32875 _92200 |
||
| 035 | _a(NLR Aleph) 001512983 | ||
| 090 |
_a92332 _c92332 |
||
| 100 | _a20100610d2010 |||y0rusy50 ca | ||
| 101 | 1 |
_arus _ceng |
|
| 102 | _aRU | ||
| 105 | _aa ||||||||| | ||
| 200 | 1 |
_aОткровения Новой Лемурии _f[пер. с англ.: А. Старовойтова] |
|
| 210 |
_d2010 _aБ. м. |
||
| 215 |
_a251 с. _cил. |
||
| 461 | 0 |
_1001RU\NLR\bibl\1805560 _12001#$aТелос$vКн. 1 _91782647 _aДжоунз, А. Л. _cМосква _d2010 _fАурелия Луиза Джоунз _nСофия _o[перевод с английского] _tТелос _vКн. 1 |
|
| 801 | 0 |
_aRU _bNLR _c20100610 _gRCR |
|
| 801 | 1 |
_aRU _bNLR _c20100610 |
|
| 942 | _cBOOK | ||
| 980 | _aNB | ||